South American Border Towns With a Map - Statistics

General Stats
  • This quiz has been taken 16 times
  • The average score is 20 of 107
Answers on the Map
Answers color-coded by a green-red scale on the quiz's map according to % correct below.
 
Answer Stats
Cidade Pop. % Correct
Ciudad del Este 304.208
75%
Chuy 9.675
67%
Cúcuta 767.000
67%
Posadas 305.874
67%
Chuí 6.438
58%
Foz do Iguaçu 286.323
58%
Arica 204.078
50%
Encarnacion 136.308
50%
Formosa 222.226
50%
Puerto Iguazu 41.062
50%
Rivera 64.465
50%
Salto 104.011
50%
Letícia 38.400
42%
Santana do Livramento 83.764
42%
Uruguaiana 115.100
42%
Concordia 149.450
33%
Pedro Juan Caballero 122.190
33%
Ponta Porã 90.756
33%
Tabatinga 66.837
33%
Aceguá 4.156
25%
Acegua 1.511
25%
Artigas 40.657
25%
Cobija 44.120
25%
Copacabana 5.579
25%
Guaíra 31.971
25%
Jaguarão 26.583
25%
Oiapoque 27.778
25%
Pacaraima 19.317
25%
Paso de Los Libres 43.251
25%
Rio Branco 14.604
25%
Arauca 87.100
17%
Assis Brasil 8.157
17%
Barracão 9.886
17%
Barra do Quaraí 4.053
17%
Bela Vista 23.594
17%
Bella Vista Norte 17.765
17%
Bernardo de Irigoyen 6.492
17%
Bonfim 16.169
17%
Colón 23.150
17%
Coronel Sapucaia 13.228
17%
Corumbá 94.874
17%
Dionísio Cerqueira 14.989
17%
Lethem 1.702
17%
Guajará-Mirim 39.396
17%
Guayaramerin 35.803
17%
Huaquillas 47.706
17%
Ipiales 77.200
17%
Itaqui 35.408
17%
Mundo Novo 18.738
17%
Nuevo Paysandú 8.578
17%
Paranhos 12.926
17%
Porto Murtinho 12.625
17%
Porto Xavier 9.821
17%
Quaraí 23.475
17%
Saint-Laurent-du-Maroni 49.173
17%
Salto del Guaíra 39.846
17%
Santo Antônio do Sudoeste 19.677
17%
São Borja 58.757
17%
Tulcan 53.558
17%
Ureña 50.006
17%
Ypejhú 8.935
17%
Zarumilla 42.400
17%
Alberdi 9.571
8%
Albina 5.247
8%
Alvear 6.732
8%
Arauquita 13.720
8%
Bella Unión 12.201
8%
Brasiléia 25.786
8%
Capitán Bado 19.035
8%
Clorinda 52.837
8%
El Amparo 5.965
8%
Epitaciolândia 18.697
8%
Iñapari 2.140
8%
La Quiaca 16.874
8%
Monte Caseros 23.470
8%
Porto Mauá 2.143
8%
Puerto Carreño 16.200
8%
Puerto Páez 2.962
8%
Puerto Quijarro 11.071
8%
Puerto Santander 9.262
8%
San Antonio 3.665
8%
San Antonio del Tachira 46.054
8%
San Javier 9.058
8%
Santa Elena de Uairén 14.807
8%
Santo Tomé 23.299
8%
Villa del Rosario 110.600
8%
Yacuíba 61.844
8%
Aguas Blancas 2.395
0%
Alba Posse 486
0%
Bermejo 29.564
0%
Boca de Grita 1.389
0%
Bolpebra ~1000
0%
Colchane 1.579
0%
Desaguadero (Bolívia) 4.065
0%
Desaguadero (Peru) 8.635
0%
La Victoria de Apure 3.249
0%
La Yarada Los Palos 6.726
0%
Nanawa 6.014
0%
Pisiga ~400
0%
Puerto Carmelo Peralta 4.576
0%
Saint-Georges de L'Oyapock 4.303
0%
Salvador Mazza 18.899
0%
Tienditas ~2.000
0%
Tinicachi 605
0%
Tito Yupanqui 3.459
0%
Villazon 35.337
0%
Yunguyo 11.946
0%
No matching quizzes found
Score Distribution
Percent of People with Each Score
Percentile by Number Answered
Your Score History
You have not taken this quiz